Datum a čas kvízu
36
Celkem bodů
Celkový počet nahraných bodů na tomto kvízu bez doplňovacích otázek.
3.
Pořadí na kvízu
Konečné umístění týmu na tomto kvízu.
Zaznamenané odpovědi
| # | Otázka | Odpověď | Body | Výsledky |
|---|---|---|---|---|
| 1. | Předseda poslanecké sněmovny T... | o klik | 1 | |
| 2. | Minulou středu odstartovala z... | A | 1 | |
| 3. | Která světově proslulá zpěvačk... | Céline Dion | 1 | |
| 4. | Jistá firma v pondělí oznámila... | Kit Kat | 1 | |
| 5. | Který slavný sportovec minulý... | Tiger Woods | 1 | |
| 6. | Vítězné téma facebookového hla... | 1D 2A 3C 4B | 1 | |
| 7. | Ve Formuli 1 můžeme občas zazn... | A | 1 | |
| 8. | Velká cena Monaka 1996 drží je... | 3 piloti (uznáváme 2 až 4) | 0 | |
| 9. | Tato stáj působila ve Formuli... | Brawn GP | 1 | |
| 10. | Ve kterém státě se nachází záv... | v Mexiku | 1 |